Top 15 des pays avec les décès de Covid-19 - 14 mai - Statistiques

Statistiques générales
  • Ce quiz a été pris 53 fois
  • Le résultat moyen est 14 sur 21
Statistiques - réponses
pays % Correct
Chine
100%
Etats-Unis
100%
France
98%
Allemagne
93%
Espagne
93%
Italie
91%
Royaume-Uni
89%
Canada
86%
Brésil
80%
Belgique
75%
Mexique
73%
Portugal
64%
Suisse
64%
Pays-Bas
52%
Turquie
48%
Suède
43%
Suède
43%
Iran
39%
Irlande
30%
Danemark
23%
Équateur
14%
Aucun quiz correspondant
Distribution des résultats
% des personnes avec chaque résultat
Percentile par nombre de réponses
Votre historique - résultats
Vous n’avez pas pris ce quiz